00841nam a22002537a 45000010005000000030006000050050017000110080041000280200018000690400029000870500014001160820014001301000025001442450064001692600043002333000049002764900034003255050008003595200078003675210020004455210020004656500066004857000036005515847FISKH20250124132655.0250124b cb ||||| |||| 00| 0 eng d a9780516234779 aFISKHbengcFISKHdFISKH aQC981.G56 a363.73874 aFriedman, Katherine aWhat if the polar ice caps melted? /cby Katherine Friedman aNew York :bChildren's Press , c2002. a48 pages : bcolor illustrations ;c22 cm .  aHigh Interest Books: What If? aU  aDiscusses the environmental effects of the melting of the polar ice caps.8 a830 bLexile 8 aU bRaz-Plus  aGlobal warming-- Environmental aspects vJuvenile literature  aInnes, MichelleeBook designer